00861nab a22001937a 4500003000400000005001700004008004100021040000700062100002100069245005000090260007200140300001300212505018700225505008900412650001800501650001600519650001300535773011900548OSt20260121190353.0190502c xxu||||| |||| 00| 0 spa d cPJ aHilgendorf, Eric13aTriaje, derecho y ética /cEric Hilgendorf. aCiudad Autónoma de Buenos Aires :bThomson Reuters La Ley,c2024. ap. 35-45 aSumario: I. La pandemia de coronavirus como desafío para el derecho.— II. Barreras argumentativas.— III. Opinión de las sociedades médicas.— IV. Triaje y derecho penal.  t¿Te interesa el texto completo? Solicitalo al correo: koha@justierradelfuego.gov.ar 0aDERECHO PENAL 0aCORONAVIRUS 0aPANDEMIA0 02729dBuenos Aires : LexisNexis, 2006-tRevista de derecho penal y procesal penal. Nº 6 - Junio 2024z9875920622